Online
Catalog

Convención de paquetes postales entre la República Dominicana y los Estados Unidos de América. (Record no. 32684)

MARC details
000 -CABECERA
campo de control de longitud fija 00587nam a2200169 a 4500
001 - NÚMERO DE CONTROL
campo de control 000033193
005 - FECHA Y HORA DE LA ÚLTIMA TRANSACCIÓN
campo de control 20200930070105.0
008 - DATOS DE LONGITUD FIJA--INFORMACIÓN GENERAL
campo de control de longitud fija 110822s1913 dr 000 0 spa d
040 ## - FUENTE DE LA CATALOGACIÓN
Centro catalogador/agencia de origen DO-SdBNP
Lengua de catalogación spa
Centro/agencia transcriptor BNPHU
082 ## - NÚMERO DE LA CLASIFICACIÓN DECIMAL DEWEY
Número de clasificación xxxx
Número de documento/Ítem R426c
049 ## - FONDOS LOCALES (OCLC)
Fondos de biblioteca BNPD
110 1# - ENTRADA PRINCIPAL--NOMBRE DE ENTIDAD CORPORATIVA
Nombre de entidad corporativa o nombre de jurisdicción como elemento de entrada República Dominicana.
Unidad subordinada Secretaría de Estado de Relaciones Exteriores
9 (RLIN) 2256
245 10 - MENCIÓN DE TÍTULO
Título Convención de paquetes postales entre la República Dominicana y los Estados Unidos de América.
250 ## - MENCIÓN DE EDICIÓN
Mención de edición Ed. Oficial
260 ## - PUBLICACIÓN, DISTRIBUCIÓN, ETC.
Lugar de publicación, distribución, etc. Santo Domingo :
Nombre del editor, distribuidor, etc. Imp. y Librería de J. R. García,
Fecha de publicación, distribución, etc. 1913.
300 ## - DESCRIPCIÓN FÍSICA
Extensión 21 p. ;
Dimensiones 24 cm.
Holdings
Estado de retiro Estado de pérdida Restricciones de uso No para préstamo Código de colección Localización permanente Ubicación/localización actual Ubicación en estantería Fecha de adquisición Número de inventario Total de préstamos Signatura topográfica completa Código de barras Fecha visto por última vez Precio válido a partir de Tipo de ítem Koha Nota pública
      Excluido de préstamo Raros y valiosos Patrimonio Dominicano Patrimonio Dominicano Depósito 22.08.2011 LF1   xxxx R426c 33193-10 25.06.2020 25.06.2020 No se presta Perteneció a la biblioteca personal de Carlos Larrazábal Blanco
        Patrimonio Dominicano Patrimonio Dominicano Patrimonio Dominicano Orden iniciada 22.08.2011 LF1   xxxx R426c 33194-10 25.06.2020 25.06.2020 Libro y Folleto Colección Patrimonio Dominicano  

Powered by Koha